Les personnages de Doctor Strange in the Multiverse of Madness - #28 - Statistiques

Statistiques générales
  • Ce quiz a été pris 11 fois
  • Le résultat moyen est 11 sur 21
Statistiques - réponses
Réponse % Correct
America Chavez
100%
Stephen Strange / Docteur Strange
100%
Wanda Maximoff / Sorcière Rouge
100%
Wong
100%
Peggy Carter / Captain Carter
82%
Blackagar Boltagon / Black Bolt
73%
Charles Xavier / Professeur X
73%
Maria Rambeau / Captain Marvel
73%
Reed Richards / Mr Fantastique
55%
Karl Mordo / Master Mordo
45%
Billy Maximoff
36%
Christine Palmer
36%
Supreme Strange
36%
Tommy Maximoff
36%
Cléa
27%
Gargantos
27%
Rintrah
27%
Nicodemus West
18%
Thanos
18%
Defender Strange
9%
Pizza poppa
9%
Aucun quiz correspondant
Distribution des résultats
% des personnes avec chaque résultat
Percentile par nombre de réponses
Votre historique - résultats
Vous n’avez pas pris ce quiz